Jan Evangelista Purkyně a Slovensko

Bibliographic Details
Main Author: Měska, Adolf, 1891-1969 (Author)
Format: Article
Language:Czech

MARC

LEADER 00000nab a2200000ua 4500
001 vtls010814278
003 SK-MaSNL
005 20260303190457.0
008 230127s1959 xo |||||||||||||||||cze|
035 |a (urnnbn)urn:nbn:sk:snk:ar-a04hxu 
035 |a urn:nbn:sk:snk-ab5j5j 
035 |a (uuid)504b5f99-4ca2-4fba-ace7-36317e542999 
040 |a SNKBUCL  |b slo  |c SNKBUCL  |e AACR2 
041 0 |a cze 
044 |a xo  |c SK 
100 1 |a Měska, Adolf,  |d 1891-1969  |4 aut  |9 232213 
245 1 0 |a Jan Evangelista Purkyně a Slovensko  |c Adolf Měska 
773 0 |t Naša veda : časopis SAV  |g Roč. 6, č. 2 (1959), s. 73-76 
954 |a odborná, vedecká literatúra pôvodná (slovenská)  |2 lita 
954 |a odborná, vedecká literatúra cudzojazyčná (svetová)  |2 lita 
958 |a OND 
958 |a EUIPO 
958 |a article5 
999 |c 2136459  |d 2138389